| 000 | 00795nam a2200229 a 4500 | ||
|---|---|---|---|
| 001 | BRCA_1838 | ||
| 005 | 20190320203554.0 | ||
| 008 | 790508s1977----mx-h---###---#000-0#spa-# | ||
| 040 |
_aDLC _cDLC _dDLC |
||
| 050 | 4 |
_aNE2314 _b.F47 1977 |
|
| 245 | 1 | 0 | _aEl ferrocarril mexicano, 1877. |
| 260 |
_aMéxico _bCartón y Papel de México _c1977 |
||
| 300 |
_a112 p. _bil. a color _c34 cm. |
||
| 500 | _aFacsímil de : Álbum del ferrocarril mexicano, ilustrado por Casimiro Castro, con textos de Antonio García Cubas, 1877 | ||
| 500 | _aVer también R103 | ||
| 546 | _aTexto en : español e inglés | ||
| 650 | 1 | 4 |
_aFerrocarril mexicano _95714 |
| 651 | 4 |
_aMéxico _xDescripción y viajes _9103 |
|
| 651 | 4 |
_aMéxico _xEn el arte _95715 |
|
| 740 | 0 | _aÁlbum del Ferrocarril Mexicano | |
| 942 |
_2lcc _cB |
||
| 999 |
_c1619 _d1619 |
||